000
002280000a22000850004500
245
1
0
_a
Una mujer de la India recibe sanidad
300
_a
Vol. 58, Núm 264 (2003), Páginas 23-24
773
0
_t
La Biblia de las Américas
942
_c
ANA
999
_c
51746
_d
51746